MARC

LEADER 00000nam0a2200000 4500
001 260870
005 20231101233520.0
010 |a 5279000698 
035 |a (RuTPU)RU\TPU\book\283840 
090 |a 260870 
100 |a 20140519d1988 m y0rusy50 ca 
101 0 |a rus 
102 |a RU 
105 |a a j 001zy 
200 1 |a Организация машинной обработки экономической информации  |e учебник для вузов  |f С. И. Волков, А. Н. Романов 
205 |a 2-е изд., перераб. и доп. 
210 |a Москва  |c Финансы и статистика  |d 1988 
215 |a 400 с.  |c ил. 
320 |a Библиогр.: с. 394-396. 
320 |a Предметный указатель: с. 397. 
606 1 |a Промышленные предприятия  |x Управление  |x Моделирование  |2 stltpush  |3 (RuTPU)RU\TPU\subj\52702  |9 71105 
610 1 |a учебники 
610 1 |a экономическая информация 
610 1 |a машинная обработка 
610 1 |a АСУ 
610 1 |a методология 
610 1 |a вычислительные системы 
610 1 |a машиностроительная промышленность 
610 1 |a оперативное управление 
675 |a 658.012(075.8)  |v 3 
700 1 |a Волков  |b С. И.  |g Сергей Иванович 
701 1 |a Романов  |b А. Н.  |g Анатолий Николаевич 
801 1 |a RU  |b 63413507  |c 20140519 
801 2 |a RU  |b 63413507  |c 20150425  |g RCR 
942 |c BK